Jorge Opazo: Retrato fotográfico, imagen y poder
Wedi'i Gadw mewn:
| Prif Awduron: | , |
|---|---|
| Awduron Eraill: | |
| Fformat: | Llyfr |
| Iaith: | Sbaeneg Saesneg |
| Cyhoeddwyd: |
Santiago
Pehuén
2007
|
| Rhifyn: | 1a. ed |
| Cyfres: | Relatos del Ojo y la Cámara, 3
|
| Pynciau: | |
| Tagiau: |
Ychwanegu Tag
Dim Tagiau, Byddwch y cyntaf i dagio'r cofnod hwn!
|
MARC
| LEADER | 00000nam a2200000 a 4500 | ||
|---|---|---|---|
| 001 | UCH8778 | ||
| 003 | CL-VaPUC | ||
| 008 | 091211e20070000CL |||||||||||||||||spa|d | ||
| 020 | |a 9789561604162 | ||
| 041 | 0 | 7 | |a spa |2 CL-VaPUC |
| 041 | 0 | 7 | |a eng |2 CL-VaPUC |
| 082 | 0 | 4 | |a 779.942092 |b ALV |2 21 |
| 100 | |a Alvarado Pérez, Margarita |e autora |9 565882 | ||
| 700 | |a Matthews, Mariana |e autora |9 610805 | ||
| 700 | 0 | |a Möller Z, Carla |e author |9 545414 | |
| 245 | 1 | 0 | |a Jorge Opazo: Retrato fotográfico, imagen y poder |
| 250 | |a 1a. ed | ||
| 300 | |a 115 p | ||
| 942 | |c BK | ||
| 945 | |d 20091211 00:00:00 |a dcastane | ||
| 260 | |a Santiago |b Pehuén |c 2007 | ||
| 650 | 0 | |a Fotografía artística |9 269391 | |
| 650 | 0 | |a Fotografía de personas |9 545415 | |
| 650 | 0 | |a Retratos fotográficos |9 545416 | |
| 583 | |a last modification |c 20091211 00:00:00 |k Rodrigo Vera | ||
| 490 | 0 | |a Relatos del Ojo y la Cámara, 3 | |
| 999 | |c 338886 |d 338884 | ||
| 952 | |0 0 |1 0 |4 0 |6 779_942092000000000_ALV_2007 |7 0 |8 R |9 432160 |a BIBART |b BIBART |d 2019-11-22 |i 4624610 |o 779.942092 ALV 2007 |p 4624610 |r 2025-03-13 |w 2019-11-22 |y BK_R |k ART | ||